000
00266nam a2200109Ia 4500
008
220204s9999 xx 000 0 und d
082
_a
666.9
_b
RIX
100
_a
M R
245
0
_a
Chemical admixtures for concrete
260
_a
London
_b
E & F N Spon
_c
1978
942
_c
BK
999
_c
32364
_d
32364